| 000 | 00544nmm a2200229 a 4500 | ||
|---|---|---|---|
| 003 | AR-BaBNM | ||
| 005 | 20251128211117.0 | ||
| 008 | 302120n ||||||||||||||000 | spa|| | ||
| 040 | _cAR-BaBNM | ||
| 100 | 1 | _aQuiles, Ismael | |
| 245 | 1 | 0 |
_aUn encuentro con...Ismael Quiles _besencia de lo femenino _n5 |
| 300 | 0 | _a45 p. | |
| 650 | 4 | _aFEMINEIDAD | |
| 650 | 4 | _aMUJERES | |
| 650 | 4 | _aROL DE LA MUJER | |
| 650 | 4 | _aROLES SEXUALES | |
| 650 | 4 | _aPOESIA | |
| 650 | 4 | _aRELIGION | |
| 650 | 4 | _aPSICOLOGIA | |
| 942 | _cBK | ||
| 998 | _cEugenia | ||
| 999 |
_c18274 _d18274 |
||